000 00480nam a2200193Ia 4500
005 20250423100119.0
008 250422s9999 xx 000 0 und d
020 _a9788123922508
050 _aP 90 .H37/
100 _aHasan. Seema
245 0 _aMass communication: principles and concepts
250 _a2nd ed.
260 _aNew Delhi
260 _bCBS Publishers and Distributors Pvt Ltd.
260 _c2021
300 _a844 p
650 _aMass media.
942 _cBK
999 _c32325
_d32325